000 006390000a22001810004500
020 _a958-11-0484-4
041 0 _aSPA
082 0 4 _aG 378.9861 I5974i
245 1 0 _aImpacto de los resultados de los exámenes de calidad de la educación superior - ECAES 2003 : Informes de las instituciones de educación superior / Instituto Colombiano para el Fomento de la Educación Superior
260 _aBogotá, Colombia : ICFES
300 _a316 Pag
650 1 4 _aEDUCACION SUPERIOR - COLOMBIA
001 7872
942 _cBK
999 _c38074
_d38074
336 _atexto
_btxt
_2rdacontent
337 _2rdamedia
_asin mediación
_bn
338 _2rdacarrier
_avolumen
_bnc